=LDR 00000nam 2200000 4500 =001 INLIS000000000059827 =005 20211207101107 =035 ##$$a 0010-1221000054 =007 ta =008 211207###########################0#ind## =020 ##$$a 978-979-1402-94-1 =082 ##$$a 343.03 =084 ##$$a 343.03 Per p =245 ##$$a Peraturan Menkeu No. 119/ PMK/.02/ 2009 Ttg. Petunjuk Penyusunan dan Penelaahan Rencana Kerja dan Anggaran Kementerian Negara/ Lembaga Th 2010 =300 ##$$a 363 halaman : $b ilustrasi ; $c 20 cm =650 #4$$a Perundang2an Keuangan Negara =264 ##$$a Jakarta :$b Eka jaya,$c 2009 =336 ##$$a teks$2 rdacontent =337 ##$$a lain-lain$2 rdamedia =338 ##$$a lain-lain$2 rdacarrier =990 ##$$a 34233423